000 00958nam a22002654a 4500
005 20081027152352.0
008 080325s2007 nyu 001 0 eng
010 _aENG-91789
020 _a9780070223677
_c475.00
020 _a007022367X
_c475.00
035 _aEN-75322
037 _bDBAD / PUB
040 _adpl
_bEnglish
082 _a650.1
100 _aDilenschneider, Robert L.
245 _aPower and influence :
_bthe rules have changed /
_cby Robert L. Dilenschneider.
260 _aNew Delhi
_bTata McGraw-Hill Publishing
_c2008
300 _axii, 210 p. ;
_c22 cm (Hb)
500 _aIncludes index.
650 _aSuccess in business.
650 _aInfluence (Psychology)
650 _aControl (Psychology)
942 _2ddc
_cEN
_h650.1
_mDIL
999 _c19032
_d19032